000 00744nac a2200229 a 4500
003 Co-PeBPM
005 20250721163527.0
008 250721b |||||||| |||| 00| 0 spa d
020 _a8448118979
040 0 _aCo-PeBPM
_bspa
_cCo-PeBPM
_erda
082 _2658.3 S62
245 1 0 _aSociología para la empresa
_c/ Antonio Lucas Marín
260 _aMadrid; Bogotá
_b: McGraw-Hill
_c; 1994
300 _a436 páginas
_c; 24 cm.
504 _aIncluye bibliografía e índice.
650 1 4 _2LEMB
_aSociología industrial.
650 1 4 _2LEMB
_aAdministración de personal
_xAspectos sociales.
650 1 4 _2LEMB
_aRelaciones industriales.
700 _aLucas Marín, Antonio,
_d1945 -
700 _aCapella, Isabel
_eed.
942 _2ddc
_cBK
_n0
999 _c61055
_d61055